| 000 | 00462nam a2200181Ia 4500 | ||
|---|---|---|---|
| 005 | 20260429112226.0 | ||
| 008 | 260429s9999||||xx |||||||||||||| ||und|| | ||
| 020 | _a9788184116618 | ||
| 041 | _aEnglish | ||
| 082 |
_a304.6 _bKUM |
||
| 100 | _aKumar, Anil | ||
| 245 | 0 |
_aPopulation geography / _cAnil Kumar |
|
| 260 |
_aNew Delhi : _bSonali Publications, _c2025. |
||
| 300 | _aviii, 250 p.; hb | ||
| 650 | _a Geography | ||
| 650 | _aPopulation | ||
| 942 | _cTB | ||
| 999 |
_c52987 _d52987 |
||